Assessing fiscal sustainability in theory and practice

Saved in:
Bibliographic Details
Main Author: Chalk, Nigel
Other Authors: Hemming, Richard
Format: Book
Language:English
Published: Washington International Monetary Fund 2000
Series:IMF Working Paper WP/00/81
Subjects:
Tags: Add Tag
No Tags, Be the first to tag this record!

MARC

LEADER 00000nam a2200000 4500
001 c124247
005 20221221081615.9
041 0 |a eng 
044 |a US 
245 1 0 |a Assessing fiscal sustainability in theory and practice  |c Nigel Chalk and Richard Hemming 
264 1 |a Washington  |b International Monetary Fund  |c 2000 
300 |a 27 s. 
490 1 |a IMF Working Paper  |v WP/00/81 
830 0 |a IMF Working Paper  |v WP/00/81 
610 2 0 |a politika fiškálna 
610 2 0 |a deficit 
610 2 0 |a rozpočty 
610 2 0 |a výdavky 
610 2 0 |a výdavky obyvateľstva 
100 1 |a Chalk, Nigel 
700 1 |a Hemming, Richard